000 00585nam a22001817a 4500
005 20251108165232.0
008 250721s1990 xx 000 0 ara d
082 1 4 _a956.031/قطب
100 1 _aمحمد، قطب
245 1 0 _aالسياسة المالية لأبي بكر /
264 1 _aالقاهرة :
_bالهيئة المصرية العامة للكتاب،
_c1990.
300 _a297ص
650 1 7 _aالتاريخ الإسلامي
650 1 7 _aالخلفاء الراشدون 632-661
650 1 7 _aخلافة أبي بكر 632-634
942 _2ddc
_cBK
999 _c22861
_d22861